| 000 -ლიდერი |
| ფიქსირებული სიგრძის საკონტროლო ველი |
03435nam a2200313Ia 4500 |
| 001 - საკონტროლო ნომერი |
| საკონტროლო ველი |
21513 |
| 003 - საკონტროლო ნომრის იდენტიფიკატორი |
| საკონტროლო ველი |
GE_BSU |
| 005 - ბოლო ოპერაციის თარიღი და დრო |
| საკონტროლო ველი |
20211125142218.0 |
| 008 - ფიქსირებული სიგრძის მონაცემთა ელემენტები - ზოგადი ინფორმაცია |
| ფიქსირებული სიგრძის საკონტროლო ველი |
181216s2017||||ge |||||||||||||| ||geo|| |
| 020 ## - წიგნის საერთაშორისო სტანდარტული ნომერი |
| International Standard Book Number |
9789941095979 |
| 040 ## - კატალოგიზაციის წყარო |
| Transcribing agency |
GE_BSU |
| 041 ## - ენის კოდი |
| Language code of text/sound track or separate title |
geo |
| 080 ## - უნივერსალური ათობითი კლასიფიკაციის ინდექსი |
| Universal Decimal Classification number |
331.45(479.22)+351.83(479.22)+349.2(479.22) შ-87 |
| 245 ## - ცნობა სათაურის შესახებ |
| Title |
შრომის ინსპექტირების მექანიზმის შეფასება და დასაქმებულთა შრომითი უფლებების მდგომარეობა საქართველოში : |
| Remainder of title |
შრომითი ურთიერთობები და პირობები მძიმე, მსუბუქ მრეწველობაში, ტრანსპორტისა და მომსახურების სფეროში ; შრომის ინსპექტირების მექანიზმის მანდატისა და საქმიანობის შეფასება / |
| Statement of responsibility, etc |
კვლევის ავტორები : თათული ჭუბაბრია, ლელა გვიშიანი, სალომე ჯოხაძე ; მთარგმნელები : მაგდა დეკანოსიძე, ანა ჯეჯელავა. |
| 264 ## - წარმოების, გამოცემის, დისტრიბუციის და სხვა ცნობები |
| გამოცემის, წარმოების, დისტრიბუციის... ადგილი |
თბილისი : |
| გამოცემის, წარმოების, დისტრიბუციის... სახელწოდება |
[?], |
| გამოცემის, წარმოების, დისტრიბუციის... თარიღი |
2017. |
| 300 ## - ფიზიკური აღწერა |
| Extent |
197, 163 გვ. ; |
| Dimensions |
24 სმ. |
| 500 ## - ზოგადი შენიშვნა |
| General note |
კვლევა გამოცემულია აღმოსავლეთ-დასავლეთის მართვის ინ-ტის (EWMI) ACCESS-ის პროექტის მხარდაჭერით, აშშ-ის საერთაშორისო განვითარების სააგენტოს (USAID) დაფინანსებით |
| 500 ## - ზოგადი შენიშვნა |
| General note |
წაღმა-უკუღმა წიგნი |
| 520 ## - SUMMARY, ETC. |
| Summary, etc |
წაღმა-უკუღმა წიგნი. |
| 653 ## - INDEX TERM--UNCONTROLLED |
| Uncontrolled term |
შრომითი ურთიერთობები და პირობები მძიმე, მსუბუქ მრეწველობაში, ტრანსპორტისა და მომსახურების სფეროში; შრომის ინსპექტირების მექანიზმის მანდატისა და საქმიანობის შეფასება |
| 653 ## - INDEX TERM--UNCONTROLLED |
| Uncontrolled term |
შრომის ინსპექტირების მექანიზმის მანდატისა და საქმიანობის შეფასება |
| 653 ## - INDEX TERM--UNCONTROLLED |
| Uncontrolled term |
შრომის ინსპექტირება საქართველოში |
| 653 ## - INDEX TERM--UNCONTROLLED |
| Uncontrolled term |
შრომითი უფლებები საქართველოში |
| 653 ## - INDEX TERM--UNCONTROLLED |
| Uncontrolled term |
შრომის ინსპექტირების მექანიზმის შეფასება და დასაქმებულთა შრომითი უფლებების მდგომარეობა საქართველოში |
| 700 ## - ADDED ENTRY--PERSONAL NAME |
| Personal name |
დეკანოსიძე, მაგდა |
| Relator term |
მთარგმნელი |
| 9 (RLIN) |
13052 |
| 700 ## - ADDED ENTRY--PERSONAL NAME |
| Personal name |
ჯეჯელავა, ანა |
| Relator term |
მთარგმნელი |
| 9 (RLIN) |
13053 |
| 942 ## - ADDED ENTRY ELEMENTS (KOHA) |
| Koha item type |
წიგნი |
| Source of classification or shelving scheme |
|